000 00667pam a2200229 a 4500
001 1007123
003 ARRUPE
005 20240216105719.0
008 870824s1988 nyu 000 1 eng
010 _a 87040295
020 _a0670808652 :
_c$18.95
040 _aDLC
_cDLC
_dDLC
050 0 0 _aPS3558.Y49
_bS48 1988
082 0 0 _a813/.54
_219
100 1 _aHyman, Vernon Tom.
_952488
245 1 0 _aSeven days to Petrograd :
_ba novel /
_cby Tom Hyman.
260 _aNew York, N.Y., U.S.A. :
_bViking,
_c1988.
300 _ax, 412 p. ;
_c24 cm.
740 0 _a7 days to Petrograd.
906 _a7
_bcbc
_corignew
_d1
_eocip
_f19
_gy-gencatlg
942 _2lcc
_cMONOGRAPH
999 _c131812
_d131812